ბათუმის შოთა რუსთაველის სახელმწიფო უნივერსიტეტის ბიბლიოთეკა

Classroom management for students with emotional and behavioral disorders : (ბიბ.ჩანაწერი № 58092)

000 -LEADER
fixed length control field 01463cam a2200289 a 4500
001 - CONTROL NUMBER
control field 15145475
005 - DATE AND TIME OF LATEST TRANSACTION
control field 20210614121936.0
008 - FIXED-LENGTH DATA ELEMENTS--GENERAL INFORMATION
fixed length control field 080117s2008 cau b 001 0 eng
020 ## - INTERNATIONAL STANDARD BOOK NUMBER
International Standard Book Number 9781412917872
041 ## - LANGUAGE CODE
Language code of text/sound track or separate title eng
080 ## - UNIVERSAL DECIMAL CLASSIFICATION NUMBER
Universal Decimal Classification number 376.056.36 P-61
082 00 - DEWEY DECIMAL CLASSIFICATION NUMBER
Edition number
100 1# - MAIN ENTRY--PERSONAL NAME
Personal name Pierangelo, Roger.
9 (RLIN) 12010
245 10 - TITLE STATEMENT
Title Classroom management for students with emotional and behavioral disorders :
Remainder of title a step-by-step guide for educators /
Statement of responsibility, etc. Roger Pierangelo, George Giuliani.
264 ## - PRODUCTION, PUBLICATION, DISTRIBUTION, MANUFACTURE, AND COPYRIGHT NOTICE
Place of production, publication, distribution, manufacture Thousand Oaks, Calif. :
Name of producer, publisher, distributor, manufacturer Corwin Press,
Date of production, publication, distribution, manufacture, or copyright notice 2008.
300 ## - PHYSICAL DESCRIPTION
Extent 134 p.
Other physical details 26 cm.
653 ## - INDEX TERM--UNCONTROLLED
keyword ემოციური და ქცევითი აშლილობის მქონე სტუდენტებისთვის კლასის მართვა
653 ## - INDEX TERM--UNCONTROLLED
keyword Управление классом для студентов с эмоциональными и поведенческими расстройствами
653 ## - INDEX TERM--UNCONTROLLED
keyword კლასის მართვა
653 ## - INDEX TERM--UNCONTROLLED
keyword Классное руководство
653 ## - INDEX TERM--UNCONTROLLED
keyword ფსიქიურად დაავადებული ბავშვები
653 ## - INDEX TERM--UNCONTROLLED
keyword Психически больные дети
653 ## - INDEX TERM--UNCONTROLLED
keyword ქცევის დარღვევები ბავშვებში
653 ## - INDEX TERM--UNCONTROLLED
keyword Расстройства поведения у детей
700 1# - ADDED ENTRY--PERSONAL NAME
Personal name Giuliani, George A.,
Dates associated with a name
Relator term ავტორი
9 (RLIN) 12011
942 ## - ADDED ENTRY ELEMENTS (KOHA)
Source of classification or shelving scheme
Koha item type წიგნი
ეგზემპლარები
Withdrawn status Lost status Source of classification or shelving scheme Damaged status Not for loan Permanent Location Current Location Shelving location Date acquired Cost, normal purchase price Full call number Barcode Date last seen Copy number Price effective from Koha item type Public note
          ბათუმის შოთა რუსთაველის სახელმწიფო უნივერსიტეტის მთავარი ბიბლიოთეკა ბათუმის შოთა რუსთაველის სახელმწიფო უნივერსიტეტის მთავარი ბიბლიოთეკა წიგნსაცავი 2021-06-14 96.00 376.056.36 P -61 61378 2021-06-14 61378 2021-06-14 წიგნი 96 ლ.